• 首页
  • 本馆介绍
  • 公告通知
  • 最新文献
  • 馆藏检索
  • 电子资源
  • 读者导购
  • 参考咨询
  • 我的图书馆
  • 登录
  • 详细信息显示
  • 放入我的书架
  • 预约/预借图书
  • 作者相关作品
  • 分类相关作品
  • 丛书相关作品
  • 出版社相关作品

书目信息

  • 表格格式
  • 工作单格式
  • 卡片格式
题名:
Word 97从入门到精通
    
 
作者: 曼斯菲尔德 , Mansfield 著 ;潭海平 译
分册:  
出版信息: 北京   电子工业出版社  1997
页数: 12,644页
开本: 26cm
丛书名:
单 册:
中图分类: TP391
科图分类: 73.879
主题词: 汉字处理软件系统
电子资源:
ISBN: 7-5053-4371-8
000 00873nam0 2200289 450
001 0198019521
005 20100713015141.0
010    @a7-5053-4371-8@dCNY65.00
011    @a7-5053-4371-8
100    @a19980403d1997 em y0chiy0110 ea
101 1  @achi@ceng
102    @aCN@b110000
105    @ay z 000yy
106    @ar
200 1  @aWord 97从入门到精通@9W o r d 9 7 Cong Ru Men Dao Jing Tong @f(美)[R.曼斯菲尔德]Ron Mansfield著@g潭海平等译
210    @a北京@c电子工业出版社@d1997
215    @a12,644页@d26cm
300    @a美国SYBEX公司授权出版
510 1  @aMastering Word 97@zeng
606 0  @a汉字处理软件系统
690    @aTP391@v3
692    @a73.879@v2
701  1 @a曼斯菲尔德@9man si fei er de@bR.@4著
701  1 @aMansfield@bRon@4著
702  0 @a潭海平@9tan hai ping@4译
801  0 @aCN@b91MARC@c20130904
905    @aBZT@dTP391@e145@f1@sTP391/145
    
    Word 97从入门到精通/(美)[R.曼斯菲尔德]Ron Mansfield著/潭海平等译.-北京:电子工业出版社,1997
    12,644页;26cm
    美国SYBEX公司授权出版
    
    ISBN 7-5053-4371-8:CNY65.00
    
●
相关链接 在五车中查询图书 在当当中查询图书 在豆瓣中查询图书


正题名:Word 97从入门到精通     索取号:TP391/145         预约/预借

序号 登录号 条形码 馆藏地/架位号 状态 备注
1 2000141684   2000141684   旧书回溯/ [索取号:TP391/145] 在馆    
山东省滨州职业学院图书馆 欢迎您!
大连网信软件有限公司© 版权所有